[Event "Interpolis"]
[Site "Tilburg"]
[Date "1992.10.13"]
[Round "2.3"]
[White "Rozentalis, Eduardas"]
[Black "Gelfand, Boris"]
[Result "1-0"]
[WhiteElo "2590"]
[BlackElo "2685"]
[Annotator "Blatny,P"]
[PlyCount "109"]
[EventDate "1992.10.08"]
[EventType "k.o."]
[EventRounds "7"]
[EventCountry "NED"]
[SourceTitle "CBM 032"]
[Source "ChessBase"]
[SourceDate "1993.02.01"]
[SourceVersion "1"]
[SourceVersionDate "1993.02.01"]
[SourceQuality "1"]

{Barrage 30'} 1. e4 c5 2. c3 Nf6 3. e5 Nd5 4. g3 d6 5. exd6 Qxd6 (5... e6 {
--> Rozentalis-Gelfand (2), Tilburg 1992}) 6. Bg2 Nc6 7. Ne2 (7. Nf3 Bg4 {
/^d1-h5}) 7... Bf5 {/\Bd3} 8. d4 cxd4 9. Nxd4 Nxd4 10. Qxd4 {/\[+],3P:2P<<}
Qe6+ 11. Be3 (11. Kf1 $2 {/\h3,Kg1-h2} Rd8 $40) 11... Nxe3 12. fxe3 (12. Qxe3
$6 Qxe3+ 13. fxe3 O-O-O $15 {^^}) 12... Qa6 13. Qd5 e6 $6 (13... Bg4 $142 14.
Bf1 (14. Bf3 Bxf3 15. Qxf3 Rd8 $10) 14... Qd6 15. Bb5+ Kd8 16. Bc4 $10) 14.
Qxb7 Qxb7 15. Bxb7 Rb8 16. Bc6+ Kd8 (16... Ke7 17. b3 Bxb1 18. Rxb1 Rc8 19. Bg2
Rxc3 20. Kd2 $14) 17. b4 Kc7 (17... Rc8 18. b5 $16) 18. Bf3 (18. b5 {><c5,/
^a7-g1,/^f8-a3} a6) 18... Be7 19. Nd2 Rhd8 20. e4 Bg6 21. Ke2 Bg5 22. Nb3 (22.
Rhd1 a5 23. a3 Bf6 24. Rac1 $14) 22... f5 23. e5 (23. exf5 $6 exf5 {עe2})
23... f4 24. Rhd1 (24. h4 $5 Bd3+ (24... Be7 $2 25. gxf4 $18 (25. g4 $2 Rb5 $36
)) (24... Bh6 25. g4 Bd3+ $8 26. Kf2 g6 27. Rhd1 $16) 25. Kf2 fxg3+ 26. Kxg3
Be3 $44) 24... fxg3 25. hxg3 Rxd1 (25... Bc2 $6 26. Rxd8 (26. Rd4 $6 Bxb3 27.
axb3 Rxd4 28. cxd4 Kb6 (28... Rxb4 29. Rxa7+ Kd8 30. Rxg7 $16) 29. b5 $1 $16 {
_|_}) 26... Rxd8 27. Nd4 $18 {-> קe6,Kc7}) 26. Rxd1 Bc2 27. Rd6 Bxb3 28. axb3
Rb6 29. Rd4 (29. Rxb6 $2 axb6 {+/=/= _|_ ^-}) 29... Be7 (29... Rb5 $142 30.
Rc4+ Kd8 31. Re4) 30. Rc4+ Kd8 31. Bc6 h5 32. b5 (32. Rd4+ $142 Kc8 33. Be8 {
+- _|_ קh5}) 32... a6 33. Rd4+ Kc8 34. c4 axb5 35. cxb5 {צb6} (35. Bd7+ Kb8
36. Bxb5 $16) 35... Bd8 (35... g5 36. Rd7 Bc5 37. Rh7 h4 38. gxh4 gxh4 39. Rxh4
$18 {קe6}) 36. Rd6 $18 g5 37. Rxe6 h4 38. gxh4 gxh4 39. Re8 Kc7 40. e6 Bf6 41.
Kf3 Kd6 42. Kg4 h3 43. Kf5 $1 (43. Kxh3 Be7 44. Bd7) 43... h2 $8 44. Kxf6 Rxc6
45. Rd8+ Kc7 46. Rd7+ Kb6 47. Rd1 Kxb5 48. Kf7 Rc2 49. e7 Rf2+ 50. Ke6 Re2+ 51.
Kd7 Rd2+ 52. Rxd2 h1=Q 53. e8=Q Qh7+ 54. Ke6+ Kb4 55. Qe7+ 1-0

[Event "Ljubljana Iskra"]
[Site "Ljubljana"]
[Date "1992.??.??"]
[Round "?"]
[White "Sermek, Drazen"]
[Black "Kiselev, Sergey"]
[Result "1-0"]
[WhiteElo "2465"]
[BlackElo "2540"]
[Annotator "Blatny,P"]
[PlyCount "47"]
[EventDate "1992.??.??"]
[EventType "tourn"]
[EventRounds "11"]
[EventCountry "SLO"]
[EventCategory "8"]
[SourceTitle "CBM 031"]
[Source "ChessBase"]
[SourceDate "1992.12.01"]
[SourceVersion "1"]
[SourceVersionDate "1992.12.01"]
[SourceQuality "1"]

1. e4 c5 2. c3 Nf6 3. e5 Nd5 4. d4 (4. g3 {--> Rosentalis-Dvoirys, Leningrad
1990}) (4. Nf3 Nc6 {--> Sveshnikov-King, Bern op 1992}) 4... cxd4 5. Nf3 (5.
Qxd4 {--> Panchenko-Silseth, Gausdal 1991}) 5... Nc6 (5... e6 {-->
Greger-Cramling, Valby K41 1991}) (5... Qc7 {--> Janovsky-Rigo, Dortmund-C 1991
}) 6. Bc4 Nb6 7. Bb3 d5 (7... dxc3 8. Nxc3 $44 {--> ChessBase: Alapin diskette}
) 8. exd6 (8. cxd4 Bg4 {/\<->c, ><c4}) 8... Qxd6 9. Na3 (9. Nxd4 Nxd4 10. cxd4
Be6 $15 {קd4}) 9... a6 (9... dxc3 $5 10. Qe2 $5 $44) 10. O-O Bf5 (10... Be6
11. Bxe6 Qxe6 12. Nxd4 Nxd4 13. Qxd4 Rd8 14. Qh4 Qe2 15. Be3 $40) (10... Bg4
11. Bxf7+ Kxf7 12. Ng5+ {/\Qg4 +-}) 11. Nxd4 {/^d1-h5,/^g2-b7} Nxd4 12. cxd4 e6
(12... g6 13. Qf3 Qd7 14. Bg5 Bg7 15. Rfe1 $36) 13. Qf3 Qc6 $146 (13... Qd7 {
--> Okhotnik-Shnaider, Alapin disk}) 14. d5 (14. Qg3 Bd6 $1 15. Qxg7 O-O-O $40)
14... Nxd5 15. Rd1 Nb6 (15... Bxa3 16. Bxd5 $1 (16. bxa3 $2 Nc3 $1 $15 (16...
O-O $2 17. Bxd5 $18)) 16... exd5 17. Qxf5 $40 (17. Qxa3 $5)) (15... Rd8 16. Bg5
{/\Rc1+/-}) (15... Nb4 16. Qg3 $40) 16. Qg3 {><g7} Nd5 (16... g6 17. Be3 Bg7
18. Rac1 $18) (16... Nd7 17. Bf4 {/\Rc1} Bxa3 18. bxa3 O-O 19. Rac1 Qb5 20. a4
$18) (16... Bg6 17. Be3 Bxa3 18. bxa3 O-O 19. Rd6 Qc3 20. Rc1 $18) 17. Nc4 {
><d6} Rd8 18. Ne3 $1 Bg6 (18... Nxe3 19. Bxe3 Rxd1+ 20. Rxd1 {/\Qb8+-} Qc8 21.
Bb6 $18) 19. Nxd5 exd5 20. Bg5 $18 f6 21. Rac1 Qe6 (21... Qb6 22. Bf4 Bd6 23.
Re1+ $18) (21... Qd6 22. Bf4 $18) (21... Qd7 22. Rxd5 $18) 22. Re1 Be4 $8 23.
f3 Qf5 (23... fxg5 24. Rxe4 $1 $18) 24. Bf4 1-0

[Event "Hafnarfirdi"]
[Site "Hafnarfirdi"]
[Date "1992.??.??"]
[Round "10"]
[White "Motwani, Paul"]
[Black "Conquest, Stuart"]
[Result "1-0"]
[WhiteElo "2455"]
[BlackElo "2485"]
[Annotator "Blatny,P"]
[PlyCount "65"]
[EventDate "1992.03.??"]
[EventType "tourn"]
[EventRounds "11"]
[EventCountry "ISL"]
[EventCategory "7"]
[SourceTitle "CBM 029"]
[Source "ChessBase"]
[SourceDate "1992.08.01"]
[SourceVersion "1"]
[SourceVersionDate "1992.08.01"]
[SourceQuality "1"]

1. e4 c5 2. c3 e6 3. d4 d5 4. exd5 (4. e5 {--> 2.c3 Sicilian Disk}) 4... exd5
5. Be3 c4 (5... Qb6 $6 6. dxc5 Qxb2 7. Qb3 $1 Qxb3 (7... Qxa1 8. Nf3 {/\Nd4-c2
+-} Bf5 9. Bb5+ Nd7 10. O-O {/\Na3;Nd2+- עe8,Bf8,Rh8}) 8. axb3 Ne7 9. Na3 Bd7
10. Nb5 Bxb5 11. Bxb5+ {+/=/+/- Van Mil-Cifuentes, Dieren 1989}) 6. b3 $1 cxb3
7. axb3 Bd6 (7... Nc6 8. Bd3 Bd6 9. Nf3 {;7...Bd6 8.c4 --> 2.c3 disk}) 8. Bd3
Ne7 9. Qf3 $5 {><f5} Nd7 10. Ne2 O-O 11. Nd2 Re8 12. O-O Ng6 $6 13. Ng3 $1 (13.
Qxd5 $6 Nf6 {/\Ng4~/=} (13... Nc5 14. Bc4 $8 Be6 15. Qh5 $16)) 13... Qc7 $6 (
13... Nb6 $14) 14. Qxd5 Nf6 15. Qc4 $16 Qb8 16. Qa4 Bg4 (16... Bd7 17. Bb5 $18
{_|_}) 17. Rfe1 Nd5 18. Nde4 Bc7 19. b4 a5 20. bxa5 Ndf4 (20... Rxa5 $142 21.
Qb3 $16) 21. Bc4 h6 22. Qb3 Rf8 (22... Ne6 23. d5 $18) 23. Nc5 Ra7 24. Bd2 h5
25. Re4 Qc8 (25... h4 $8 26. Rae1 $1 hxg3 27. hxg3 Bf5 28. Re8 $1 $18) 26. Rae1
$1 {/\Re8+-} Kh7 27. Bxf7 $18 Bd6 28. Bxg6+ Nxg6 29. Ne6 Bxe6 30. Rxe6 Bxg3 31.
hxg3 Rxa5 32. Qc2 Rf6 $2 (32... Raf5 33. Re8 $5 $18 {_|_}) 33. Rxf6 (33. Rxf6
gxf6 34. Re7+ $18) 1-0

[Event "RUS-ch"]
[Site "Elista"]
[Date "1994.??.??"]
[Round "7"]
[White "Ivanov, Victor L"]
[Black "Kharlov, Andrei"]
[Result "1/2-1/2"]
[WhiteElo "2385"]
[BlackElo "2530"]
[Annotator "Blatny,P"]
[PlyCount "74"]
[EventDate "1994.09.??"]
[EventType "swiss"]
[EventRounds "11"]
[EventCountry "RUS"]
[SourceTitle "CBM 044"]
[Source "ChessBase"]
[SourceDate "1995.02.01"]
[SourceVersion "1"]
[SourceVersionDate "1995.02.01"]
[SourceQuality "1"]

1. e4 c5 2. c3 d5 3. exd5 Qxd5 4. d4 Nf6 5. Nf3 Bg4 6. Be2 e6 7. h3 Bh5 8. Be3
cxd4 (8... Nc6 $2 9. dxc5 Rd8 10. Qxd5 Rxd5 11. b4 $16) 9. cxd4 Nc6 10. Nc3 Bb4
(10... Qd6 $5) 11. O-O Qd6 (11... Qa5 12. Qb3 O-O 13. a3 Bxc3 14. bxc3 $14 {^^}
) 12. Qb3 (12. a3 $5 Bxc3 (12... Ba5 13. b4 Bb6 (13... Bc7 14. Nb5) 14. Nb5 $36
) 13. bxc3 O-O $13) 12... O-O 13. Rfd1 Rfd8 (13... Bxc3 14. bxc3 $14) 14. g4
Bg6 15. Bg5 Qe7 16. Bf1 {/\d5} Na5 (16... Bxc3 17. bxc3 Be4 {/^b7-h1} 18. Nd2
Bd5 19. Qb2 {/\c4+/-} (19. c4 $4 Nxd4 $19)) 17. Qa4 b6 $6 (17... Bxc3 18. bxc3
b6 19. Nd2 $1 (19. Ne5 Be4 $13) 19... Rac8 20. Rac1 {/\Nb3,Bg2+/=/+/- ^^ [+]})
18. Ne5 Rac8 (18... Bxc3 $142 19. Nxg6 (19. bxc3 Be4 $13) 19... Qb4 $1 (19...
hxg6 20. bxc3 $14 {^^ _|_}) 20. Qxb4 (20. Ne7+ $2 Kf8 $1 $19) 20... Bxb4 21.
Bxf6 gxf6 22. Nf4 Bd6 $10) 19. Rac1 Bxc3 20. Nxg6 $1 (20. bxc3 Be4 {/\Ba8,
Qb7->K}) 20... hxg6 (20... Qb4 21. Ne7+ (21. Qc2 hxg6 (21... Bxb2 22. Qxc8 $18)
(21... Qxb2 22. Qxb2 Bxb2 23. Rxc8 Rxc8 24. Ne7+ $18) 22. bxc3 $14) 21... Qxe7
22. bxc3 $16 {^^ _|_}) 21. bxc3 Qb7 22. c4 Qc6 23. Qa3 (23. Qxc6 $2 Rxc6 {
_|_,קc4,Pd4}) 23... Qd6 24. Qe3 (24. c5 Qd5 25. Be3 Qb7 $132 {/\Nd5}) 24...
Qb4 25. Qe2 (25. d5 exd5 (25... Nxc4 26. Bxc4 Rxc4 27. dxe6 Rxd1+ 28. Rxd1
Rxg4+ $1 29. hxg4 $1 (29. Kh2 Re4 $17) 29... Qxg4+ 30. Kh2 Qh5+ (30... Qxd1 31.
Bxf6) 31. Kg2 Qg4+ 32. Qg3 (32. Kh2 Qh5+ $10) 32... Qxd1 33. Bxf6 Qd5+ $5 (
33... gxf6 34. e7 Qd5+ 35. Qf3 (35. f3 $2 Qxa2+) 35... Qg5+ 36. Kh3 Qh6+ $10)
34. Kg1 (34. Qf3 $2 Qxe6 {/\Qxa2-/+ _|_}) 34... Qxe6 (34... gxf6 35. e7 Qd1+ $8
(35... Qa8 $4 36. Qd6 $18) 36. Kh2 Qh5+ $10) 35. Qb8+ Kh7 36. Qh2+ $10) 26.
cxd5 Rxc1 27. Rxc1 Nxd5 28. Qd3 $1 f6 (28... Rd6 29. Rc8+ Kh7 30. Qg3 $1 $18)
29. Bxf6 $1 gxf6 30. Bg2 (30. Qxg6+ Kf8 $13) (30. Rc7 $2 f5 $1 31. gxf5 Qf4 $19
) 30... Qf4 (30... Qd6 31. Qxg6+ Kf8 32. Rd1 $1 Qe5 33. Qe4 $1 $18 {_|_} (33.
Qd3 $2 Nc6 $1 34. Bxd5 Nb4 35. Qa3 a5 $1 $19)) 31. Qxg6+ $1 Kh8 32. Rd1 $18 {
_|_}) 25... Qa4 26. d5 exd5 27. cxd5 Rxc1 28. Rxc1 Qd7 (28... Rxd5 $4 29. Rc8+
Kh7 30. Bxf6 gxf6 31. Qe7 Qd4 (31... Qd7 32. Qf8 $18) 32. Qxf7+ Kh6 33. Rg8 $18
) 29. Bg2 b5 30. Qf3 (30. Qd2 $142 Nc4 31. Qd4 $16 {[+],^^,o^}) 30... Qe7 31.
Qe3 $2 (31. Qc3 $1) 31... Qxe3 32. Bxe3 (32. fxe3 $5) 32... Nc4 33. Bxa7 Ra8
34. Bd4 Rxa2 35. Rb1 Nd6 36. Bc5 Nfe8 37. Bf1 (37. Bb4 $142) 37... Rd2 (37...
Rd2 38. Bg2 {/\Kf1-e1+/= _|_}) 1/2-1/2

[Event "Sydney Cepacol"]
[Site "Sydney"]
[Date "1991.??.??"]
[Round "2"]
[White "Handoko, Edhi"]
[Black "Miles, Anthony John"]
[Result "0-1"]
[WhiteElo "2390"]
[BlackElo "2585"]
[Annotator "Blatny,P"]
[PlyCount "114"]
[EventDate "1991.01.??"]
[EventType "tourn"]
[EventRounds "9"]
[EventCountry "AUS"]
[EventCategory "9"]
[SourceTitle "CBM 023"]
[Source "ChessBase"]
[SourceDate "1991.08.01"]
[SourceVersion "1"]
[SourceVersionDate "1991.08.01"]
[SourceQuality "1"]

1. e4 c5 2. c3 b6 3. d4 Bb7 4. Nd2 (4. Bd3 Nf6 (4... e6 5. Nf3 Nf6 6. Qe2 $14)
5. Qe2 cxd4 6. cxd4 Nc6 7. Nf3 Nb4 8. Nc3 $14 {Stean}) (4. f3 $14 {Strikovic})
4... cxd4 5. cxd4 Nf6 6. Bd3 Nc6 7. Ngf3 (7. Ne2 e5 8. d5 Nb4 9. Bb1 Bc5 10.
O-O a5 11. Nb3 Na6 $13 {Buljovic-Deze,Novi Sad 1976}) (7. Qa4 e5 8. Ngf3 exd4
9. Nxd4 Nxd4 10. Qxd4 Qc7 11. Nb3 Bd6 12. h3 O-O 13. O-O Rfe8 14. f3 Bh2+ 15.
Kh1 Nh5 {Buljovic-Deze,Novi Sad 1975}) 7... Nb4 8. Bc4 (8. Bb1) 8... b5 $5 (
8... Nxe4 9. Nxe4 Bxe4 10. Bxf7+ Kxf7 11. Ng5+) (8... Bxe4 9. Bxf7+) 9. Bxb5
Qa5 10. Bc4 Nxe4 11. O-O Nd6 12. a3 Nxc4 13. Nxc4 Qa6 14. Nce5 f6 15. Be3 Nd5
16. Nd3 e6 17. Rc1 Be7 18. Nc5 Qb5 19. b4 Bc6 20. Ne1 a5 21. bxa5 O-O 22. Bd2
Rac8 23. Ned3 Bxc5 24. Nxc5 Qb2 25. Bb4 Ne3 $1 26. Qb3 $8 Qxb3 27. Nxb3 Nxf1
28. Bxf8 Rxf8 29. Kxf1 Ra8 30. Ke2 Kf7 31. f3 Bd5 32. Rc3 Ke7 33. Kd3 g5 34.
Kc2 Kd8 35. Rc5 d6 36. Rc3 (36. Rb5 $142) 36... h5 37. Nd2 Rxa5 38. Ne4 Bxe4+
39. fxe4 Ra4 $17 40. Kd3 h4 41. Ke3 Kd7 42. h3 f5 43. Rb3 Ke7 44. Rd3 Kf6 45.
Rb3 f4+ 46. Kd3 e5 47. dxe5+ dxe5 48. Rb6+ Kf7 49. Rb3 Kg6 50. Rb6+ Kh5 51. Re6
Rxa3+ 52. Kc4 f3 $19 53. gxf3 Rxf3 54. Rxe5 Rxh3 55. Re8 Kg4 56. Kd4 Rh1 57. e5
Re1 0-1

[Event "Tilburg"]
[Site "Tilburg"]
[Date "1994.??.??"]
[Round "2"]
[White "Sermek, Drazen"]
[Black "Andersson, Ulf"]
[Result "1-0"]
[WhiteElo "2515"]
[BlackElo "2620"]
[Annotator "Blatny,P"]
[PlyCount "95"]
[EventDate "1994.09.??"]
[EventType "k.o."]
[EventRounds "7"]
[EventCountry "NED"]
[SourceTitle "CBM 044"]
[Source "ChessBase"]
[SourceDate "1995.02.01"]
[SourceVersion "1"]
[SourceVersionDate "1995.02.01"]
[SourceQuality "1"]

1. e4 c5 2. c3 d5 3. exd5 Qxd5 4. d4 e6 5. Nf3 Nf6 6. Na3 Nc6 7. Nb5 Qd8 8.
dxc5 Bxc5 9. Qxd8+ {/\_|_-><<} Kxd8 10. Bf4 {/^h2-b8,><d6} Nd5 (10... Ne4 11.
Nbd4 Nxd4 12. Nxd4 f6 (12... Bxd4 13. Rd1 $1 $16 {^^}) 13. Rd1 Ke7 14. Bd3 Bd6
$1 (14... Nd6 15. Be3 $14) 15. Be3 $1 Nc5 16. Nb5 $1 Nxd3+ 17. Rxd3 Bb8 18.
Bc5+ $14) 11. O-O-O {/\<->e,d[+]} Ke7 12. Bg3 a6 (12... Bd7 13. Bc4 Nb6 14. Be2
{פb6}) 13. Nbd4 Nxd4 (13... Bd7 14. Nb3 Bb6 15. Bc4 Nf6 16. Bd6+ $16) 14. Nxd4
Rd8 {/\Kf8} 15. Be2 Bd7 16. Bf3 {׫} Ba4 17. Rd2 $1 (17. Nb3 $10) 17... Rd7 (
17... Rac8 $2 18. Bh4+ f6 (18... Nf6 19. Bxb7 Rc7 20. Nf5+ $1 exf5 21. Re1+ $18
) 19. Nxe6 Kxe6 20. Re1+ $18) 18. Re1 Rad8 (18... Kf8 19. Re4 (19. Rxe6 $6 Nxc3
$1 (19... fxe6 20. Nxe6+ Ke7 21. Nxc5 $18) 20. bxc3 Ba3+ 21. Kb1 fxe6 22. Nxe6+
Ke7 (22... Kf7 23. Rxd7+ Bxd7 24. Bxb7 $13) 23. Rxd7+ Bxd7 24. Nxg7 $15) 19...
Bc6 (19... Nb6 20. Nxe6+ $1 fxe6 21. Rxa4 Rxd2 22. Rf4+ $18 {_|_}) (19... b5
20. Rxe6 $1) 20. Nxc6 $16) 19. Bh4+ $1 (19. Re4 Nf6 20. Nf5+ Kf8 21. Rxd7 Bxd7
22. Rc4 exf5 23. Rxc5 $14 {Sermek-Magerramov/Tilburg/1994/}) 19... Nf6 20. Bxb7
$1 Rxb7 (20... Bxd4 21. Rxd4 Rxd4 (21... Rxb7 22. Rxa4 {קa6}) 22. cxd4 Rxd4 (
22... a5 23. b3 Bb5 24. Re5 $18) 23. Bxf6+ Kxf6 24. Bxa6 $18 {_|_}) (20... a5
21. Re4 $1 Bxd4 (21... Rxb7 22. Nf5+ Ke8 23. Nxg7+ Ke7 24. Rxd8 $18) 22. Rexd4
Rxd4 23. Rxd4 $16) 21. Nf5+ Ke8 22. Nxg7+ Kf8 (22... Ke7 23. Rxd8 Kxd8 24.
Bxf6+ $18) 23. Nxe6+ fxe6 24. Rxd8+ $16 {_|_} Kf7 25. Rc8 Bd6 (25... Ba7 26.
Rc4 {/\Rf4+-}) (25... Bb6 $142 26. Rc4 Bb5 27. Rf4 Bd8 28. Re3 Rb6 $8 29. c4
Bc6 $16 {_|_}) 26. Bg3 Be7 (26... Bxg3 27. hxg3) 27. b3 Bd7 28. Rc7 Rxc7 29.
Bxc7 Bc6 30. f3 Nd5 31. Be5 Bg5+ 32. f4 (32. Kb2 $142 Nf4 33. Bxf4 Bxf4 34. g3
{/\f4+- _|_}) 32... Be7 (32... Nxf4 $2 33. Rf1 Bxg2 34. Rf2 $18) (32... Bf6 33.
Kd2 Bxe5 34. fxe5 $16) 33. g3 h5 34. Kc2 Bc5 35. Kd3 Ne7 36. b4 Bf2 37. Re2 Bb6
38. c4 Nf5 39. a4 $1 $18 {o^} Bg1 40. b5 Bf3 41. Rc2 Ke7 42. bxa6 $1 Nd6 (42...
Kd7 43. c5 $1) 43. Rb2 Be4+ 44. Kc3 Bc6 45. Bd4 Ne4+ 46. Kd3 Nc5+ 47. Bxc5+
Bxc5 48. Rb8 (48. Rb8 Kd6 49. Rh8 Bf3 50. Rh7 {/\a7,Rxh5+-}) 1-0

[Event "RUS-ch"]
[Site "Elista"]
[Date "1994.??.??"]
[Round "8"]
[White "Sveshnikov, Evgeny"]
[Black "Makarov, Marat"]
[Result "1-0"]
[WhiteElo "2585"]
[BlackElo "2525"]
[Annotator "Blatny,P"]
[PlyCount "113"]
[EventDate "1994.09.??"]
[EventType "swiss"]
[EventRounds "11"]
[EventCountry "RUS"]
[SourceTitle "CBM 044"]
[Source "ChessBase"]
[SourceDate "1995.02.01"]
[SourceVersion "1"]
[SourceVersionDate "1995.02.01"]
[SourceQuality "1"]

1. e4 {Vasiukov} c5 2. c3 d5 3. exd5 Qxd5 4. d4 Nf6 5. Nf3 e6 6. Na3 Qd8 7. Nc2
Nc6 8. Bf4 (8. Bd3 b6 $5 (8... cxd4) 9. O-O Bb7 10. Bg5 Be7 11. dxc5 bxc5 $13)
(8. Bb5 $5 Qb6 (8... Bd7 9. O-O $14) 9. Qe2 cxd4 (9... a6 10. Ba4) 10. Ncxd4
Bd7 11. Nxc6 Bxc6 12. Bxc6+ Qxc6 13. O-O $14) 8... cxd4 (8... Bd6 9. Bg3 $1 {
<->h} O-O 10. Bd3 b6 $6 11. Qe2 Bb7 12. dxc5 Bxc5 (12... Bxg3 13. hxg3 bxc5 14.
O-O-O $16) 13. O-O-O Qe7 14. Ng5 h6 15. h4 $40) (8... Qb6 9. Be2 $6 (9. Rb1)
9... Nd5 (9... Qxb2 10. Rb1 Qxa2 (10... Qxc3+ $4 11. Bd2 $18) 11. O-O $44 {@})
10. Bc1 cxd4 11. Ncxd4 Bc5 $36 {Platunov-Kondyba/Podolsk/1993/}) 9. Ncxd4 Nxd4
10. Qxd4 (10. Nxd4 {=/+/=}) 10... Qxd4 11. Nxd4 a6 12. Be2 Bd7 13. O-O Bc5 14.
Nb3 Bb6 15. a4 $1 $14 {3P:2P<< _|_} O-O-O 16. Bf3 Be8 (16... Nd5 {/\Bc6} 17.
Bxd5 exd5 $14 {קd5}) (16... Bc6 17. Bxc6 bxc6 {קa6,c6}) 17. Be5 Rg8 {/\Nd7}
18. a5 Ba7 (18... Bc7 $2 19. Bxf6 gxf6 20. Nc5 Kb8 (20... b6 21. Nxa6 $1 Bb5
22. Nxc7 Kxc7 (22... Bxf1 23. axb6 Bc4 24. Bc6 $1 Ba2 $8 25. Na6 $18) 23. c4 $1
$18 {_|_}) 21. Nxb7 Rd2 22. Nc5 $1 $18 {_|_}) 19. Rfe1 Nd5 20. Re4 Bc6 (20...
f5 21. Rc4+ Bc6 22. Nd4 Bxd4 23. Rxd4 $16) 21. Rc4 Ne7 22. Re1 Bb8 23. Nd4 Bxe5
24. Rxe5 Kb8 (24... Rd6 $5 {Vasiukov}) 25. Bxc6 Nxc6 (25... Rxd4 $5 26. cxd4 (
26. Rxd4 Nxc6 27. Ree4 Nxd4 28. Rxd4 {קa5}) 26... Nxc6 27. Rh5 $16) 26. Rxc6
Rxd4 (26... bxc6 {Vasiukov} 27. Nxc6+ $16) 27. Rcxe6 $8 Rd2 28. Re7 (28. Re2
$142 Rgd8 (28... Rd1+ 29. Re1 Rgd8 30. Re7 Rxe1+ 31. Rxe1 Rd2 32. b4 Rc2 33.
Re8+ {+/-/+- _|_}) 29. Rxd2 Rxd2 30. Re8+ Kc7 31. h4 Kd7 32. Rh8 {+/-/+- _|_})
28... Rxb2 29. g4 f6 30. Rd5 h6 31. Rf7 $6 (31. Rdd7 g5 32. Rf7 $16) 31... b6 (
31... Ka7 $5 {Vasiukov /\32...Rc8<=>}) 32. Rd6 bxa5 33. Rxa6 Rb5 $2 (33... Rb7
$142 34. Rxb7+ Kxb7 35. Rxa5 Rc8 $14 {4P:3P}) 34. Rfa7 $1 Rc8 (34... Kc8) (
34... h5 $5 35. Ra8+ Kb7 36. R6a7+ Kb6 37. Rxg8 Kxa7 38. Rxg7+ Kb6 39. gxh5 a4
$1 {<=> Pa}) 35. Rxg7 f5 (35... Rxc3 36. Rxf6 $16) 36. gxf5 Rxf5 37. Rb6+ Ka8
38. Rxh6 Rcf8 39. Ra6+ Kb8 40. Rga7 Rxf2 (40... Rg5+ $5 41. Kf1 Rff5) 41. Ra8+
Kb7 42. Rxf8 Rxf8 43. Rxa5 Rc8 44. Rb5+ Ka6 (44... Kc6 45. Re5 {/\Re3+-} (45.
Re5 {Vasiukov} Kd6 46. Re3 $18)) 45. Rb3 Rg8+ 46. Kh1 Rh8 47. c4 $18 {_|_} Rh4
48. c5 $1 Rc4 49. Kg2 Rxc5 50. h4 Rc8 51. Kg3 Rg8+ 52. Kf4 Rh8 53. Kg5 Rg8+ 54.
Kf6 Rh8 55. Rb4 Ka5 56. Kg7 Rd8 57. Rf4 1-0

[Event "New York op"]
[Site "New York"]
[Date "1991.??.??"]
[Round "4"]
[White "Lein, Anatoly"]
[Black "Birmingham, Eric"]
[Result "1-0"]
[WhiteElo "2495"]
[BlackElo "2355"]
[Annotator "Blatny,P"]
[PlyCount "108"]
[EventDate "1991.03.??"]
[EventType "swiss"]
[EventRounds "9"]
[EventCountry "USA"]
[SourceTitle "CBM 023"]
[Source "ChessBase"]
[SourceDate "1991.08.01"]
[SourceVersion "1"]
[SourceVersionDate "1991.08.01"]
[SourceQuality "1"]

1. e4 c5 2. c3 d5 3. exd5 Qxd5 4. d4 Nf6 5. Nf3 Bg4 6. Be2 e6 (6... cxd4 7.
cxd4 e6 8. Nc3 Qd6 9. O-O Nc6 10. Be3 Be7 11. h3 $14 {Blatny-Phominyh,Stary
Smokovec 1990}) 7. h3 (7. Na3 $5 Nc6 8. Be3 cxd4 9. Nb5 Rc8 (9... O-O-O $6 10.
Nbxd4 Nxd4 11. Qxd4 $14) 10. Nbxd4 Nxd4 11. Bxd4 $14 Bc5 $2 12. Qa4+ $40) 7...
Bh5 8. O-O (8. c4 Qd6 9. Nc3 cxd4 10. Nb5 Qb6 11. O-O Nbd7 12. g4 Bg6 13. Bf4
$36 {Blatny-Mackay,Adelaide 1988}) (8. Na3 Be7 9. Nb5 Qd8 10. dxc5 Bxc5 11. Bg5
O-O 12. a4 h6 13. Bh4 g5 $13 {Haba-Stohl,CSFR 1986}) 8... Nc6 9. Be3 cxd4 10.
Nxd4 $11 (10. cxd4 Be7 11. Nc3 Qd6 12. Qb3 (12. g4 Bg6 13. Ne5 Nd5 14. Nxd5
Qxd5 15. f4) 12... O-O (12... Qb4 13. Rfd1 Rd8 14. Qxb4 Bxb4 $11 {
Van_Mil-Polgar,Zsu Lillafured 1989}) 13. Rfd1 Nb4 14. Rac1 Nbd5 15. Bg5 Qb4 16.
g4 Bg6 $14 {Okhotnik-Klostermann,Budapest 1990}) 10... Bxe2 11. Qxe2 Nxd4 12.
Bxd4 Be7 13. Rd1 Qc6 14. Nd2 O-O 15. a4 Nd5 16. Nf3 f6 (16... Bf6 17. Ne5 {
+/=/=}) 17. Qb5 Rfd8 18. Qxc6 bxc6 19. Nd2 e5 20. Be3 Nxe3 21. fxe3 Rd3 22. Kf2
Rad8 $6 (22... Bc5 23. Nc4 Rad8 24. Rxd3 Rxd3 25. Ke2 e4 26. Rd1 Rxd1 27. Kxd1
Kf7 28. b4 Be7 29. Na5 c5 30. b5 $18 {/\Nc6}) (22... Kf7 23. Nc4 Rxd1 24. Rxd1
Ke6 $11) 23. Ke2 Kf7 24. Nc4 Rxd1 25. Rxd1 Rxd1 26. Kxd1 Ke6 (26... e4 27. Na5
c5 28. Nc6 a6 29. Nb8 a5 30. Nc6 $18) 27. e4 h5 28. g4 hxg4 29. hxg4 Bd8 30.
Ke2 g6 31. Kf3 Be7 32. Ke2 Bd8 33. Kd3 Be7 34. b4 Bd8 35. Nd2 f5 36. gxf5+ gxf5
37. Nc4 f4 38. Nd2 a6 39. Nf3 Bb6 40. c4 Bf2 (40... Bc7) 41. c5 Be3 42. Kc4 Bc1
43. b5 $1 axb5+ 44. axb5 cxb5+ 45. Kxb5 Be3 (45... Ba3 46. Kb6 Bb4 47. c6 Bd6
48. Kb7 $18) (45... Bb2 46. Kb6 Kd7 47. Kb7 $18) 46. c6 Kd6 47. Nxe5 Kc7 48.
Nf3 Bc1 49. Kc5 Bb2 50. Kd5 Bf6 51. e5 Bg7 52. e6 Bf6 53. Nd4 Bg5 54. Nb5+ Kb6
1-0

[Event "Dortmund-C"]
[Site "Dortmund"]
[Date "1991.??.??"]
[Round "3"]
[White "Janovsky, Sergey"]
[Black "Sakaev, Konstantin"]
[Result "1/2-1/2"]
[WhiteElo "2430"]
[BlackElo "2450"]
[Annotator "Blatny,P"]
[PlyCount "40"]
[EventDate "1991.03.23"]
[EventType "tourn"]
[EventRounds "9"]
[EventCountry "GER"]
[EventCategory "8"]
[SourceTitle "CBM 023"]
[Source "ChessBase"]
[SourceDate "1991.08.01"]
[SourceVersion "1"]
[SourceVersionDate "1991.08.01"]
[SourceQuality "1"]

1. e4 c5 2. Nf3 e6 3. c3 d5 4. exd5 Qxd5 5. d4 Nf6 6. Bd3 Be7 7. O-O O-O 8. Be3
Rd8 $5 (8... Nc6 9. c4 (9. dxc5 Rd8 $1 10. Be2 Qf5 11. Qa4 Bxc5 12. Bxc5 Qxc5
$10 {Sveshnikov-Gufeld,USSR 1982}) 9... Qh5 10. h3 cxd4 11. Nxd4 Nxd4 12. Bxd4
Rd8 13. Be3 Qe5 14. Nc3 b6 15. Qf3 Ba6 16. Rad1 Rac8 17. Rfe1 Bd6 18. g3 Bc5
$15 {Xc4,d4 Ambroz-Adorjan,Riga 1981}) (8... b6 9. c4 Qd8 10. dxc5 Bxc5 11.
Bxc5 bxc5 12. Nc3 Nc6 13. Re1 Bb7 14. Ne5 a6 15. Nxc6 {/\Qd1-e2-e5,Xc5,->>>
Keller-Schneider,Germany 1984}) 9. Qe2 Nc6 10. Rd1 cxd4 11. Nxd4 e5 $10 12.
Nxc6 Qxc6 13. Nd2 h6 14. Bb5 Qc7 15. Qc4 Qd6 $132 16. Qb3 Bg4 17. f3 Be6 18.
Bc4 Nd5 19. Bf2 Qc6 20. Qb5 Qc7 1/2-1/2